00466 2200193 4500001002100000005001500021008004100036020002200077035001900099041000700118082000800125090001400133100002200147245002000169250001000189260003100199300002500230650001700255INLIS00000000000147920241224112346241224||||||||| | ||| |||| || |  a978-979-709-562-8 0010-1224001479 aid0 a615 a615 HAN s0 aHandrawan Nadesul00aSehat Itu Murah acet.1 aJakartabBuku Kompasc2011 axxv, 270 hlm.; 21 cm 0aIlmu Terapan